000 006540000a22002050004500
003 LK-CoMWRAF
005 20231113150207.0
008 230817t2004 ||||| |||| 00| 0 eng d
020 _a1929834519
040 _aLK-CoMWRAF
_dLK-CoMWRAF
_eLK-CoMWRAF
041 _aeng
082 _a751.422
_bCLA
100 _aClay, Barbara Jeffery
245 _aArtist's Projects you can paint:
_b10 Favorite Subjects in Watercolors
260 _aNevada:
_bInternational Artist Publishing,
_c2004
300 _a96 p. : ill., (some col.), 1 col. port., ; 29 cm.
490 _aArtist's projects you can paint
650 _aWATERCOLOUR PAINTING-Technique
942 _cBK
999 _c2299
_d2299